Statistiques concernant Objets magiques dans Harry Potter - Français

Cliquez ici pour prendre le quiz!

Statistiques générales

  • Ce quiz a été pris 842 fois
    (482 depuis la dernière actualisation)
  • Le résultat moyen est 15 sur 21

Statistiques - réponses

HintRéponse% Correct
Permet aux sorciers de voler lors des matchs de Quidditch notamment.Balai volant
97%
Choisit dans quelle maison iront les nouveaux élèves de Poudlard.Le Choixpeau magique
94%
Bus des sorciers.Magicobus
91%
Objet permettant aux sorciers d'envoyer des sortilèges.Baguette magique
88%
Poudre servant à voyager entre les cheminées de sorciers connectées au réseau agréé par le ministère de la Magie.Poudre de cheminette
88%
Voldemort en a créé sept.Horcruxes
86%
Dévoile ses secrets dès que cette phrase est prononcée : "Je jure solennellement que mes intentions sont mauvaises."La carte du Maraudeur
86%
Réceptacle du "Tournoi des Trois Sorciers" pour désigner les champions de chaque école participante.La Coupe de feu
84%
Permet à son porteur de se dissimuler aux yeux des autres.Cape d'invisibilité
83%
Réceptacle permettant d'entreposer ses souvenirs et de les consulter par la suite.Pensine
82%
Miroir magique qui permet de voir ses souhaits les plus profonds.Le Miroir du Riséd
80%
Lettre animée permettant de signifier sa colère à son destinataire.Beuglante
78%
Objet quelconque ensorcelé pouvant transporter une ou plusieurs personnes à un endroit et une heure fixés d'avance.Portoloin
75%
Petit objet servant à remonter le temps.Retourneur de temps
70%
Sert à éteindre (ou allumer) toutes les lumières avoisinantes.Déluminateur
67%
Rappelle à son utilisateur qu'il a oublié quelque chose.Rapeltout
65%
Permet de transporter des personnes ou des objets vers d'autres armoires du même type.Armoire à disparaitre
61%
Plume qui note des propos en les exagérant.Plume a papote
61%
Livre armé de dents... Doit être caressé sur la tranche pour être ouvert.Le Monstrueux livre des Monstres
42%
Objets semblables à des jumelles permettant de revoir une action, de faire des ralentis et de détailler image par image n'importe quel moment d'un match de Quidditch.Multiplettes
22%
Sorte de toupie qui siffle, tourne et brille quand un danger approche.Scrutoscope
21%

Distribution des résultats

Percentile par nombre de réponses

% des personnes avec chaque résultat

Votre développement - résultats

Vous n’avez pas pris ce quiz depuis la dernière actualisation